| 000 | 00573nam a2200217 a 4500 | ||
|---|---|---|---|
| 001 | BRCA_5889 | ||
| 005 | 20190320205243.0 | ||
| 008 | 170311t1912----gw-#######---#000-0#ger-# | ||
| 041 | _ager | ||
| 044 | _agw | ||
| 050 | 4 |
_aPD1834 .P48 _bG76 _c1912 |
|
| 100 | 1 |
_aSchlemihl, Peter. _d1867-1921 _914892 |
|
| 245 | 1 | 0 |
_aGrobheiten _bSimplicissimus= Gedichte. |
| 260 |
_aMunchen _bAlbert Langen _c1912 |
||
| 300 |
_a89 p. _c15 cm. |
||
| 440 | 0 |
_aKleine Bibliothek Langen _v64 _914893 |
|
| 500 | _aH130 | ||
| 650 | 1 | 4 |
_aLiteratura Alemana _96160 |
| 902 | _aGFM | ||
| 942 |
_2lcc _cB |
||
| 999 |
_c5578 _d5578 |
||